Omoo : (Record no. 200468145)

MARC details
000 -LEADER
fixed length control field 01441cam a2200397 i 4500
001 - CONTROL NUMBER
control field 200468145
003 - CONTROL NUMBER IDENTIFIER
control field TR-AnTOB
005 - DATE AND TIME OF LATEST TRANSACTION
control field 20260416121747.0
007 - PHYSICAL DESCRIPTION FIXED FIELD--GENERAL INFORMATION
fixed length control field ta
008 - FIXED-LENGTH DATA ELEMENTS--GENERAL INFORMATION
fixed length control field 260416s1968 iluab b 000 1 eng d
010 ## - LIBRARY OF CONGRESS CONTROL NUMBER
LC control number 67011991
035 ## - SYSTEM CONTROL NUMBER
System control number 2171209
System control number (DLC) 67011991
040 ## - CATALOGING SOURCE
Original cataloging agency DLC
Language of cataloging eng
Description conventions rda
Transcribing agency DLC
Modifying agency DLC
-- TR-AnTOB
041 0# - LANGUAGE CODE
Language code of text/sound track or separate title İngilizce
050 00 - LIBRARY OF CONGRESS CALL NUMBER
Classification number PS2384
Item number .O6 1968
090 ## - LOCALLY ASSIGNED LC-TYPE CALL NUMBER (OCLC); LOCAL CALL NUMBER (RLIN)
Classification number (OCLC) (R) ; Classification number, CALL (RLIN) (NR) PS2384
Local cutter number (OCLC) ; Book number/undivided call number, CALL (RLIN) .O6 1968 TıpFaK
100 1# - MAIN ENTRY--PERSONAL NAME
Personal name Melville, Herman,
Dates associated with a name 1819-1891.
Relator term author
9 (RLIN) 42465
245 10 - TITLE STATEMENT
Title Omoo :
Remainder of title a narrative of adventures in the South Seas /
Statement of responsibility, etc. [edited by Harrison Hayford, Hershel Parker and G. Thomas Tanselle].
264 #1 - PRODUCTION, PUBLICATION, DISTRIBUTION, MANUFACTURE, AND COPYRIGHT NOTICE
Place of production, publication, distribution, manufacture Evanston [Ill.] :
Name of producer, publisher, distributor, manufacturer Northwestern University Press,
Date of production, publication, distribution, manufacture, or copyright notice 1968.
300 ## - PHYSICAL DESCRIPTION
Extent xv, 380 pages :
Other physical details illus., map ;
Dimensions 25 cm.
336 ## - CONTENT TYPE
Content type term text
Content type code txt
Source rdacontent
337 ## - MEDIA TYPE
Media type term unmediated
Media type code n
Source rdamedia
338 ## - CARRIER TYPE
Carrier type term volume
Carrier type code nc
Source rdacarrier
490 0# - SERIES STATEMENT
Series statement Writings of Herman Melville. Northwestern-Newberry ed. ;
Volume/sequential designation v. 2
504 ## - BIBLIOGRAPHY, ETC. NOTE
Bibliography, etc. note
651 #0 - SUBJECT ADDED ENTRY--GEOGRAPHIC NAME
Geographic name Polynesia
General subdivision Description and travel
Form subdivision Fiction.
655 #7 - INDEX TERM--GENRE/FORM
Genre/form data or focus term Adventure stories.
Source of term gsafd
Genre/form data or focus term Fiction.
Source of term lcgft
Authority record control number https://id.loc.gov/authorities/genreForms/gf2014026339
9 (RLIN) 151487
700 ## - ADDED ENTRY--PERSONAL NAME
Personal name Hayford, Harrison
Relator term editor
9 (RLIN) 42467
Personal name Parker, Hershel
Relator term editor
9 (RLIN) 42468
Personal name Tanselle, G. Thomas
Relator term editor
9 (RLIN) 153718
942 ## - ADDED ENTRY ELEMENTS (KOHA)
Source of classification or shelving scheme Library of Congress Classification
Koha item type Book
Holdings
Withdrawn status Lost status Source of classification or shelving scheme Not for loan Collection code Home library Current library Shelving location Date acquired Source of acquisition Inventory number Total Checkouts Full call number Date last seen Date shelved Koha item type Public note
    Library of Congress Classification Ödünç Verilemez-Kurumiçi kullanım / Not for loan-For inhouse use Genel Koleksiyon Tıp Fakültesi Medikal Kütüphane Tıp Fakültesi Medikal Kütüphane Genel Koleksiyon / Main Collection 16/04/2026 Bağış / Donation İDE   PS2384 .O6 1968 TıpFaK 16/04/2026 16/04/2026 Book Donated by Prof. Dr. Şükrü Cin.
Devinim Yazılım Eğitim Danışmanlık tarafından Koha'nın orjinal sürümü uyarlanarak geliştirilip kurulmuştur.